| 000 | 00746nam a2200205 a 4500 | ||
|---|---|---|---|
| 001 | 000025008 | ||
| 005 | 20200930023515.0 | ||
| 008 | 110208s1961 ag r 000 f spa d | ||
| 040 |
_aDO-SdBNP _bspa _cBNPHU |
||
| 082 |
_aA863.4 _bD542c |
||
| 100 | 1 |
_aDíaz Peñafiel, Julián _951318 |
|
| 245 | 1 | 3 |
_aEl caballero de la flor azul : _bpáginas de su vida y vergel de sus ideas / _cJulián Díaz Peñafiel; a manera de prólogo por Héctor Olivera Lavié. |
| 260 |
_aBuenos Aires, (Argentina) : _bEdiciones Mi Desván, _c1961. |
||
| 300 |
_a221 p. : _bil. ; _c18 cm. |
||
| 500 | _aIncluye índice | ||
| 650 | 4 |
_aNovela argentina _93941 |
|
| 650 | 4 |
_aLiteratura argentina _93860 |
|
| 700 | 1 |
_aOlivera Lavié, Héctor, _epról. _951319 |
|
| 049 | _aBNGR | ||
| 999 |
_c24501 _d24501 |
||